Les étoiles (Registro nro. 165097)

Detalles MARC
000 -LEADER
campo de control de longitud fija 00902nam a22002295i 4500
001 - NÚMERO DE CONTROL
campo de control 165097
003 - IDENTIFICADOR DE NÚMERO DE CONTROL
campo de control ES-MaACL
005 - FECHA Y HORA DE LA ÚLTIMA TRANSACCIÓN
campo de control 20250906063134.0
008 - DATOS DE LONGITUD FIJA--INFORMACIÓN GENERAL
campo de control de longitud fija 010723s1895 fr af |||| | fre d
040 ## - FUENTE DE CATALOGACIÓN
Centro catalogador/agencia de origen CCPB | B
Lengua de catalogación spa
Centro/agencia transcriptor CCPB | B
080 ## - NÚMERO DE LA CLASIFICACIÓN DECIMAL UNIVERSAL
Número de la Clasificación Decimal Universal 524.3
100 1# - ENTRADA PRINCIPAL--NOMBRE DE PERSONA
Nombre de persona Secchi, Angelo,
Fechas asociadas al nombre 1818-1878
9 (RLIN) 132608
245 14 - MENCIÓN DEL TÍTULO
Título Les étoiles
Resto del título : essai d'astronomie sidérale /
Mención de responsabilidad, etc. par A. Secchi.
250 ## - MENCION DE EDICION
Mención de edición 3ème éd.
260 ## - PUBLICACIÓN, DISTRIBUCIÓN, ETC.
Lugar de publicación, distribución, etc. Paris :
Nombre del editor, distribuidor, etc. Librairie Germer Baillière et Cie.,
Fecha de publicación, distribución, etc. 1895 (
Lugar de fabricación/manufactura Coulommiers :
Fabricante Typ. Paul Brodard)
300 ## - DESCRIPCIÓN FÍSICA
Extensión 2 v. T.I (XIV, 208 p., [10] h. de lám.) - T.II (235 p., [7] h. de lám.) :
Otras características físicas il. ;
Dimensiones 22 cm.
490 1# - MENCIÓN DE SERIE
Mención de serie Bibliothèque scientifique internationale ;
Designación de volumen o secuencia 28-29
650 04 - PUNTO DE ACCESO ADICIONAL DE MATERIA--TÉRMINO DE MATERIA
Término de materia o nombre geográfico como elemento de entrada Estrellas.
9 (RLIN) 12564
830 0# - PUNTO DE ACCESO ADICIONAL DE SERIE-TÍTULO UNIFORME
Título uniforme Bibliothèque scientifique internationale ;
Designación de volumen o secuencia 28-29
9 (RLIN) 186949
852 ## - LOCALIZACIÓN
Ubicación ES-MaACL
Número de control de estantería F-14358-59
Nota libre -- Enc. editorial en tela
Existencias
Estatus retirado Estado de pérdida Estado de daño No para préstamo Colección Biblioteca de origen Biblioteca actual Ubicación en estantería Fecha de adquisición Total de préstamos Signatura topográfica completa Código de barras Visto por última vez Precio de reemplazo Tipo de ítem Koha
        Libros del s. XIX Biblioteca del Ateneo de Madrid Biblioteca del Ateneo de Madrid Sala Pecera Planta 2 17/01/2008   F-14358-59 1173109 23/02/2023 23/02/2023 Libro impreso antiguo